[Event "10th Mumbai Mayors Cup 2017"]
[Site "Mumbai"]
[Date "2017.07.06"]
[Round "5"]
[White "Sai, Krishna S"]
[Black "Rahman, Syed Mahfuzur"]
[Result "0-1"]
[WhiteElo "1946"]
[BlackElo "2260"]
[Annotator "TA"]
[PlyCount "126"]
[EventDate "2017.06.04"]
[EventType "swiss"]
[EventCountry "IND"]
[SourceTitle "playchess.com"]
[Source "ChessBase"]
[SourceQuality "1"]

{[%evp 19,126,26,26,30,38,0,7,8,6,-4,4,2,18,18,27,-9,7,4,9,-5,35,37,36,36,50,35,74,49,101,40,39,40,41,35,65,62,63,55,84,44,103,66,125,94,121,101,115,9,10,0,0,0,0,-19,-19,-19,-18,-18,-18,-7,-13,-12,-16,-12,-12,-12,-8,-8,-8,-8,-8,-70,-62,-141,-56,-58,-61,-62,-57,-72,-14,-26,-14,-49,-36,-211,-211,-387,-386,-379,-383,-387,-362,-364,-408,-564,-469,-331,-317,-301,-281,-602,-490,-608,-597,-1326,-900,-6033,-2919]} 1. d4 d5 2. c4 c6 3. e3 Nf6 4. Nc3 g6 5. Nf3 Bg7 6. Bd3 O-O 7. O-O Nbd7 8. cxd5 cxd5 9. Qb3 e6 10. Bd2 {D94: Grünfeld: 4 Nf3 Bg7 5 e3} a6 {LiveBook: 8 Games} 11. Rac1 (11. Rfc1 b6 12. Na4 Ne4 13. Bb4 Re8 14. Bxe4 dxe4 15. Nd2 Bb7 16. Nc3 Nf6 17. Ba5 bxa5 18. Qxb7 {1-0 (41) Lenderman,A (2614)-Sanchez Alvarez,R (2397) San Salvador 2016}) 11... Re8 12. Na4 $146 {White is slightly better.} ({Predecessor:} 12. Rfd1 b5 13. a4 bxa4 14. Nxa4 Rb8 15. Qc2 Bb7 {½-½ (44) Ivekovic,T (2087)-Urbanc,A (1522) Busevec 2015}) 12... b5 13. Nc3 Bf8 14. Rfd1 Rb8 15. Be1 Bb7 (15... b4 $5 {[%cal Rb4c3]} 16. Ne2 a5 $11) 16. Ne2 Ne4 17. Rc2 Nd6 18. Bb4 Nb6 19. Qc3 Ne4 20. Qe1 Bxb4 21. Qxb4 Nc4 22. Rdc1 Ba8 23. Qe1 Qd6 (23... Ned6 $14) 24. Bxe4 (24. b3 $16) 24... dxe4 $14 25. Nd2 Nb6 26. Nb3 b4 27. Ng3 {[%cal Be2g3,Bg3f1,Bf1d2][%mdl 32]} f5 28. Qe2 Nd5 29. Nf1 Nf6 (29... a5 $14) 30. g3 g5 (30... e5 $14) 31. Rc5 Bd5 32. Nfd2 f4 33. exf4 (33. Nc4 $16 Qf8 34. Ne5 (34. exf4 gxf4 35. Ne5 Qh6 $16)) 33... gxf4 $11 34. Nc4 Qf8 $1 35. Ne5 Qh6 36. Ng4 Nxg4 37. Qxg4+ Kh8 38. Qxf4 Qxf4 39. gxf4 Rg8+ 40. Kf1 Rbf8 41. Ke2 Rxf4 42. Rc8 Rh4 43. Rxg8+ Kxg8 {[%mdl 4096] Endgame KRB-KRN} 44. Rc8+ Kf7 45. Nd2 ({White should play} 45. Nc5 $11) 45... Rxh2 $15 46. Rb8 (46. Rc7+ $15 Kf6 47. Nc4) 46... h5 ({Don't play} 46... Bxa2 47. Rxb4 Bd5 48. Rb6 $15) (46... a5 $17 47. Rb5 Bxa2 48. Rxa5 Bd5) 47. Rxb4 h4 {[%cal Bh5h4,Bh4h3,Bh3h2][%mdl 32] aiming for ...h3.} 48. Rb8 $1 Kg7 {[#] ...h3 is the strong threat.} 49. Rc8 Rg2 (49... Rh1 $17 {Hoping for ...Ra1.} 50. Rc7+ Kg6) 50. Rc1 $11 Kg6 51. Ke3 h3 52. Rh1 $2 (52. Rc8 $1 $15) 52... h2 $19 53. a3 $2 {[#]} (53. Ke2 Kf5 54. b3) 53... Kg5 $1 54. b3 Rg1 55. f4+ exf3 $1 56. Rxh2 Re1+ 57. Kd3 Kf4 58. Rh4+ Kg3 59. Rh8 Kf2 {And now ...Re3+ would win.} 60. a4 $2 (60. Rh2+ Kg1 61. Rh8) 60... Re3+ {Black is clearly winning.} 61. Kc2 Ke2 62. b4 f2 {Strongly threatening ...Be4+.} 63. Rh2 Ke1 {Precision: White = 31%, Black = 51%.} 0-1

[Event "10th Mumbai Mayors Cup 2017"]
[Site "Mumbai"]
[Date "2017.07.06"]
[Round "5"]
[White "Jishitha D"]
[Black "Muthaiah AL"]
[Result "1-0"]
[WhiteElo "1933"]
[BlackElo "2297"]
[Annotator "TA"]
[PlyCount "47"]
[EventDate "2017.06.04"]
[EventType "swiss"]
[EventCountry "IND"]
[SourceTitle "playchess.com"]
[Source "ChessBase"]
[SourceQuality "1"]

{[%evp 9,47,14,31,14,39,36,42,27,41,28,33,25,26,14,45,43,44,54,62,64,80,68,154,154,154,154,154,154,151,167,169,163,206,171,299,321,509,499,500,497]} 1. d4 d6 2. e4 Nf6 3. Bd3 e5 4. c3 g6 5. Ne2 (5. Nf3 Nc6 6. O-O Bg7 7. Re1 O-O 8. Be3 exd4 9. cxd4 Nb4 10. Nc3 Nxd3 11. Qxd3 Re8 12. h3 c6 13. Bg5 h6 14. Bf4 d5 15. e5 Nh7 {0-1 (61) Bologan,V (2640)-Bocharov,D (2611) Sochi 2016}) 5... Bg7 {LiveBook: 14 Games} 6. f3 {B07: Pirc Defence: Miscellaneous Systems} exd4 $146 ({Predecessor:} 6... O-O 7. Bg5 c6 8. Nd2 Nbd7 9. Nc4 Qc7 10. O-O b5 11. Nd2 a6 12. b4 d5 13. Nb3 h6 14. Bd2 Bb7 15. Ng3 {½-½ (15) Pucarevic,M (2227)-Svetac,N (2341) Belgrade 2008}) 7. cxd4 c5 8. dxc5 {White is slightly better.} dxc5 9. Nbc3 Nc6 10. Be3 Qe7 11. Bb5 {next Nd5 is good for White.} Bd7 12. Bf4 Ne5 $1 13. Bxe5 Qxe5 14. f4 $36 {[%mdl 2048] White has good play.} Qe6 15. e5 Ng4 (15... O-O-O $14 16. Qb3 Qxb3 17. axb3 Nd5) 16. Bxd7+ Qxd7 17. Qxd7+ Kxd7 18. h3 Ne3 {[#] ...Nc2+ is the strong threat.} 19. Kf2 Nc4 20. Rhd1+ Ke6 21. Ne4 Rac8 (21... b6 {was called for.}) 22. Rac1 $18 Nxb2 (22... Nb6 {keeps fighting.} 23. Nd6 Rc7 24. Nd4+ Ke7 25. N6f5+ gxf5) 23. Rd6+ Ke7 24. Rb1 {Precision: White = 81%, Black = 43%.} 1-0

[Event "10th Mumbai Mayors Cup 2017"]
[Site "Mumbai"]
[Date "2017.07.06"]
[Round "5"]
[White "Shetye, Siddhali"]
[Black "Sauravh, Khherdekar"]
[Result "0-1"]
[WhiteElo "1932"]
[BlackElo "2230"]
[Annotator "TA"]
[PlyCount "202"]
[EventDate "2017.06.04"]
[EventType "swiss"]
[EventCountry "IND"]
[SourceTitle "playchess.com"]
[Source "ChessBase"]
[SourceQuality "1"]

{[%evp 15,201,6,7,-10,-8,-14,-18,-31,-12,-12,0,-12,-10,-27,-21,-29,-28,-31,-7,0,0,-20,14,9,49,50,95,90,87,100,90,85,85,89,97,106,71,102,92,105,152,132,201,133,164,150,294,290,271,123,139,141,168,19,22,0,3,0,4,0,0,-31,-2,-12,-11,-19,-19,-22,-25,-36,-14,-14,-14,-14,-14,-229,-237,-223,-8,-8,-8,-8,-8,-8,0,0,0,0,0,-8,-8,-8,-8,-8,-8,-8,-8,-8,-8,-8,-8,-8,0,0,0,0,0,0,0,0,0,0,0,0,0,0,0,0,0,-29994,-29992,-29992,-8,-8,0,-29992,0,-8,0,-8,-8,-8,-8,-8,-8,-29967,-8,-8,-8,-69,-69,-69,-8,-8,-8,-8,-8,-8,0,0,0,0,0,0,0,0,0,0,0,0,0,0,0,0,0,0,0,0,0,-8,0,0,0,-8,-8,-8,-8,-8,0,0,0,-29986,-29987,-29987,-29988,-29988,-8,-29999]} 1. d4 Nf6 2. c4 e6 3. g3 c5 4. Nf3 cxd4 5. Nxd4 Nc6 6. Nxc6 bxc6 7. Bg2 d5 8. O-O Be7 {LiveBook: 12 Games. D02: 1 d4 d5 2 Nf3 sidelines, including 2...Nf6 3 g3 and 2...Nf6 3 Bf4} 9. cxd5 (9. Qc2 O-O 10. Rd1 Ba6 11. b3 Rc8 12. Bb2 Qb6 13. e3 dxc4 14. bxc4 Bxc4 15. Qxc4 Qxb2 16. Nc3 Qb4 17. Qb3 Nd5 18. Nxd5 cxd5 19. Qxb4 Bxb4 {0-1 (57) Kolbus,D (2414)-Berelowitsch,A (2576) Germany 2008}) 9... cxd5 10. Nc3 O-O {The position is equal.} 11. Bf4 Bb7 12. Qb3 $146 ({Predecessor:} 12. Rc1 Bd6 13. Qd4 Bxf4 14. Qxf4 Ba6 15. Rfd1 Qe7 16. Qa4 {0-1 (64) Gonzalez Merino,F-Saez Moya,J (2055) Oropesa del Mar 2000}) 12... Qb6 13. Qxb6 axb6 14. a3 Nd7 15. Rfd1 {White wants to play e4.} g5 16. Be3 h6 17. f4 Bc5 18. Bf2 f5 19. Nb5 Bxf2+ 20. Kxf2 {Strongly threatening Nc7.} Nc5 21. b4 $1 {[%cal Rb4c5]} Ne4+ 22. Bxe4 $1 fxe4 23. Nc7 Rac8 24. Nxe6 Rf6 25. Nd4 gxf4 26. gxf4 Rxf4+ 27. Ke3 Rh4 28. Rg1+ $1 Kh8 (28... Kh7 $16) 29. Rac1 Rh3+ 30. Kf4 $1 Rc4 (30... Rxh2 $16 31. Rxc8+ Bxc8) 31. Rxc4 $18 dxc4 {[%mdl 4096] Endgame KRB-KRN} 32. Rc1 (32. Rg6 $18 {has better winning chances.}) 32... Bd5 33. Ke5 Bg8 34. Kxe4 (34. Kd6 $18) 34... Rxa3 $11 35. Nf5 Ra2 36. Nxh6 Be6 37. Nf5 Rxe2+ 38. Kf3 Rb2 (38... Rxh2 {keeps more tension.} 39. Nd4 Bg8 40. Kf4 Kg7 41. Rg1+ Kf7) 39. Nd4 Bd5+ 40. Kf4 Rxb4 41. Ke5 Bg8 42. Rc3 Rb2 43. Rh3+ Kg7 44. Rg3+ Kf8 45. h4 $2 (45. Ra3 $11) 45... b5 $1 $19 46. h5 Rh2 $2 ({Better is} 46... b4 $1 $19 {White must now prevent ...Rh2.} 47. Rg6 b3) 47. Rf3+ $11 Ke8 48. Nxb5 Rxh5+ 49. Rf5 Rh3 50. Rg5 Kf8 51. Kd4 Rd3+ 52. Ke5 c3 53. Nxc3 Rxc3 {KRB-KR} 54. Kf6 Rc6+ 55. Ke5 Bf7 56. Rg3 Ke7 57. Ra3 Rc5+ 58. Kd4 Rh5 59. Ra6 Be6 60. Rb6 Kf6 61. Rd6 Rh4+ (61... Ke7 $5 {[%cal Re7d6]} 62. Rc6 Rg5 $15) 62. Kc5 Ke5 63. Rd2 Rc4+ 64. Kb5 Rc1 65. Re2+ Kd6 66. Rd2+ Bd5 67. Rg2 $2 {[%mdl 8192]} (67. Kb4 $11) 67... Rc5+ 68. Kb4 Rc4+ $2 (68... Bxg2 69. Kb3 Be4 70. Kb4 Bd5 71. Ka4 Rc3 72. Kb5 Rb3+ 73. Ka5 Kc5 74. Ka4 Rf3 75. Ka5 Ra3#) 69. Kb5 $1 Rc8 (69... Rc5+ {leads to mate.} 70. Kb4 Bxg2 71. Kb3 Be4 72. Kb4 Rc2 73. Kb5 Bd5 74. Kb6 Rb2+ 75. Ka6 Bc4+ 76. Ka5 Kc5 77. Ka4 Ra2#) 70. Kb4 $2 {[%mdl 8192]} (70. Rg6+ $11 Ke5 71. Rg4) 70... Rc4+ $2 (70... Bxg2 71. Kb3 Kd5 72. Kb4 Kd4 73. Kb3 Be4 74. Kb2 Rb8+ 75. Ka3 Kc4 76. Ka2 Kc3 77. Ka3 Ra8#) 71. Kb5 $1 Rh4 (71... Rc5+ {is a self mate.} 72. Ka4 Bxg2 73. Kb3 Be4 74. Kb2 Rc2+ 75. Ka1 Kc5 76. Kb1 Kb5 77. Ka1 Kc4 78. Kb1 Kb3 79. Ka1 Rc1#) 72. Rf2 Bc6+ 73. Kb6 Rb4+ 74. Ka5 $1 Rb8 75. Ka6 $2 {[%mdl 8192]} (75. Rf1 $11) 75... Rb1 $2 (75... Kc7 $1 76. Ka5 Rb5+ 77. Ka6 Rc5 78. Ra2 Bd5 79. Ra3 Bc4+ 80. Ka7 Rc6 81. Ra5 Bf1 82. Ra2 Bb5 83. Ra3 Rc4 84. Ka8 Rc1 85. Ra7+ Kc8 86. Ra5 Rb1 87. Ka7 Kc7 88. Ra3 Rb2 89. Ra1 Bc6 90. Ka6 Rb8 91. Ka5 Ra8+ 92. Kb4 Rxa1 93. Kc3 Kd6 94. Kd4 Ra4+ 95. Kc3 Kc5 96. Kd3 Rg4 97. Kd2 Kd4 98. Kc2 Rg2+ 99. Kc1 Bd5 100. Kd1 Ke3 101. Kc1 Be4 102. Kd1 Rg1#) 76. Rc2 Kc7 77. Ka5 (77. Rc5 $1 $11) 77... Rb5+ $15 78. Ka6 Rb4 (78... Re5 $15) 79. Rc5 $1 $11 Kd6 80. Rc1 Rb2 81. Ka5 Bd5 82. Ka4 Ke5 83. Ka3 Rb8 84. Rd1 Kd6 85. Rc1 Rb3+ 86. Ka4 Rb8 87. Ka3 Be4 88. Rc3 Bd5 89. Rc1 $1 Ke5 90. Rd1 Bc4 91. Rd2 Ke4 92. Rb2 Ra8+ 93. Kb4 Kd4 94. Rd2+ Bd3 {( -> ...Rb8+)} 95. Rh2 Rb8+ 96. Ka5 Be4 97. Rh5 Bd5 98. Ka4 $2 {[%mdl 8192] [#]} (98. Rh3 $11) 98... Kc5 $1 {[%cal Rb8a8]} 99. Ka3 {[#]} Rb3+ $1 100. Ka4 Rb2 $2 (100... Rf3 {mates} 101. Rg5 Rf7 102. Rxd5+ Kxd5 103. Kb3 Kd4 104. Kc2 Rf3 105. Kd2 Rf2+ 106. Ke1 Ke3 107. Kd1 Kd3 108. Kc1 Rh2 109. Kb1 Kc3 110. Ka1 Kb3 111. Kb1 Rh1#) 101. Ka3 $2 {[%mdl 8192]} (101. Rh3 $11) 101... Ra2# {Precision: White = 51%, Black = 39%.} 0-1

[Event "10th Mumbai Mayors Cup 2017"]
[Site "Mumbai"]
[Date "2017.07.06"]
[Round "5"]
[White "Parthasarathy, R."]
[Black "Wagh Suyog"]
[Result "1/2-1/2"]
[WhiteElo "1922"]
[BlackElo "2215"]
[Annotator "TA"]
[PlyCount "66"]
[EventDate "2017.06.04"]
[EventType "swiss"]
[EventCountry "IND"]
[SourceTitle "playchess.com"]
[Source "ChessBase"]
[SourceQuality "1"]

{[%evp 16,66,34,0,0,0,9,22,51,39,37,53,99,85,81,70,87,12,12,19,10,10,10,6,11,-2,28,-27,-28,-29,-20,-26,-19,-20,-10,-25,-6,-24,0,0,0,0,3,0,12,0,33,38,52,41,93,93,118]} 1. e4 c5 2. Nf3 a6 3. c3 d5 4. exd5 Qxd5 5. d4 e6 6. Be3 cxd4 7. cxd4 Nf6 8. Nc3 Qd6 9. Ne5 {LiveBook: 3 Games. B28: Sicilian: 2 Nf3 a6 (O'Kelly Variation)} (9. Rc1 $5 {[%cal Rc3b5]} Bd7 10. Qd2 $14) (9. Bd3 Nc6 10. O-O Be7 11. a3 O-O 12. Rc1 Bd7 13. b4 Rfd8 14. Qb3 Be8 15. Ne4 Qd5 16. Qb1 h6 17. Nc5 Ra7 18. Rfd1 Qh5 19. h3 Nd5 20. Bh7+ {½-½ (42) Schroeder,J (2514)-Van Foreest,J (2615) Douglas 2016}) 9... Nc6 {[%cal Bb8c6,Bc6b4,Bb4a2][%mdl 32]} 10. Nc4 Qd8 11. Be2 {The position is equal.} Nb4 12. O-O Bd7 $146 ({Predecessor:} 12... Be7 13. Bf3 Nbd5 14. Qb3 Nxe3 15. fxe3 O-O 16. Rad1 Rb8 {1-0 (39) Nagy,M (2123)-Balint,A (2190) Hungary 2002}) 13. Ne5 Bc6 14. Nxc6 (14. Bh5 {looks sharper.} g6 15. Bf3 Bd6 16. a3 Nbd5 17. Bg5) 14... bxc6 15. Rc1 Be7 16. Na4 (16. a3 $16 Nbd5 17. Nxd5 cxd5 18. Qa4+ Qd7 19. Qc6 Qxc6 20. Rxc6) 16... Nxa2 $11 17. Rxc6 Nb4 18. Rc4 O-O 19. Nc5 a5 20. Bd2 Nbd5 21. Ra4 ({White should play} 21. Bf3) 21... Nb6 {[#] White must now prevent ...Bxc5.} 22. Rxa5 Qxd4 23. Rxa8 Rxa8 24. Nd3 Nbd5 25. Qc2 h6 26. Rc1 Rb8 (26... Ne4 $5 {[%cal Re4d2]} 27. Be1 Nd6 $15) 27. Qc4 Qa7 28. b4 {[%cal Bb2b4,Bb4b5][%mdl 32]} Qa4 (28... Nb6 $5 {[%cal Rb6c4]} 29. Qb3 Nbd5 $11) 29. Nc5 Qa7 30. g3 Qb6 {[%cal Rd5b4]} 31. Na6 Rd8 32. b5 e5 (32... Nd7 $14) 33. Qa4 $16 {Hoping for Ba5.} Qb7 {Precision: White = 53%, Black = 48%.} 1/2-1/2

[Event "10th Mumbai Mayors Cup 2017"]
[Site "Mumbai"]
[Date "2017.07.06"]
[Round "5"]
[White "Akshay Anand"]
[Black "Pranav, Shetty"]
[Result "0-1"]
[WhiteElo "1920"]
[BlackElo "2200"]
[Annotator "TA"]
[PlyCount "164"]
[EventDate "2017.06.04"]
[EventType "swiss"]
[EventCountry "IND"]
[SourceTitle "playchess.com"]
[Source "ChessBase"]
[SourceQuality "1"]

{[%evp 20,164,-18,-27,-17,-19,-2,-19,-15,-25,-7,-34,0,0,0,0,35,0,0,-20,-41,-36,-23,-53,-50,-58,-58,-69,-64,-70,-16,-27,-13,-27,-29,-12,0,0,0,0,-8,-35,-34,-96,-104,-116,-114,-110,-107,-128,-78,-131,-108,-92,-120,-190,-192,-166,-148,-275,-272,-489,-410,-763,-728,-916,-916,-850,-845,-641,-278,-12849,-12849,-12850,-12850,-12850,-12851,-29975,-29975,-29972,-29972,-29975,-29973,-29973,-29972,-29969,-29977,-29977,-29977,-29978,-29975,-29975,-29970,-29971,-29976,-29975,-29976,-29976,-29977,-29974,-12851,-29979,-29978,-29980,-29979,-29981,-29980,-29982,-29968,-29983,-29984,-29984,-29985,-29985,-29986,-29986,-29987,-29988,-29987,-29988,-29989,-29989,-29990,-29990,-29991,-29991,-29992,-29992,-29989,-29990,-29990,-29991,-29992,-29992,-29989,-29993,-29994,-29994,-29995,-29995,-29995,-29995,-29996,-29996,-29995,-29997,-12851]} 1. e4 c5 2. Nf3 d6 3. d4 cxd4 4. Nxd4 Nf6 5. Nc3 a6 6. Bg5 e6 7. Qf3 Nbd7 8. O-O-O Qc7 9. Qg3 b5 10. Bxb5 axb5 11. Ndxb5 Qb8 {[#] White must now prevent ...Nxe4! B95: Sicilian Najdorf: 6 Bg5 e6, unusual White 7th moves} 12. Nxd6+ Bxd6 13. Qxd6 Qxd6 {The position is equal.} 14. Rxd6 h6 15. Bxf6 gxf6 16. Rhd1 $146 ({Predecessor:} 16. f3 Rg8 17. Rd2 Ke7 18. b3 Ne5 19. a4 {½-½ (29) Milov,L (2480)-Khenkin,I (2570) Pardubice 1993}) 16... Rg8 17. g3 Rg5 18. f4 {[%mdl 1024] White has compensation.} Rc5 19. R1d3 Ke7 20. R6d4 Nb6 21. Rb4 Rc6 22. g4 Ba6 23. Rh3 Rh8 24. Rh5 Nd7 (24... Nc4 $15) 25. Rd4 Nf8 26. g5 fxg5 27. fxg5 Rc5 28. Rxh6 Rxh6 29. gxh6 Rh5 30. Ra4 Bf1 31. Ra7+ (31. Ra8 $15) 31... Nd7 $17 32. b4 Rxh6 33. a4 Rxh2 34. b5 Rh8 35. b6 ({Better is} 35. Nb1) 35... Rb8 36. a5 Kd6 37. Nd1 (37. Kb2 $17) 37... Bb5 $19 38. Kd2 Bc6 39. c4 (39. Nb2 $17) 39... Rb7 40. Rxb7 $2 {[#]} (40. Ke3 {was necessary.}) 40... Bxb7 41. Nf2 (41. Kc3 $142 Bxe4 42. Nf2) 41... Ne5 42. Kc3 Kc5 43. Nh3 Nxc4 44. Ng5 Nxa5 (44... Nd6 $142 45. a6 Bxa6) 45. Nxf7 $2 (45. Kd3) 45... Bxe4 46. Nd8 Bd5 47. b7 Nxb7 48. Nxe6+ Bxe6 49. Kd3 Nd6 50. Ke3 Kd5 51. Kd3 Nc4 52. Kc3 Bf5 53. Kb4 Kd4 {[%cal Bd5d4,Bd4c5,Bc5c4,Bc4c3][%mdl 32]} 54. Kb3 Kc5 55. Kc3 Be4 56. Kb3 Nd6 {[%cal Bc4d6,Bd6b5,Bb5d4,Bd4b3][%mdl 32]} 57. Kc3 Nb5+ 58. Kb3 Bd3 59. Kb2 Kc4 60. Ka2 Kc3 {Black mates.} 61. Ka1 Nd4 62. Ka2 Nb3 63. Ka3 Bb1 64. Ka4 Nd4 65. Ka5 Kc4 66. Kb6 Nb5 67. Kb7 Bf5 68. Kb6 Be6 69. Kc6 Kb4 70. Kb6 Bd7 71. Ka6 Kc5 72. Kb7 Be6 73. Ka6 Bd5 74. Ka5 Bb3 75. Ka6 Nd6 76. Ka5 Nb7+ 77. Ka6 Kc6 78. Ka7 Bc4 79. Kb8 Kb6 80. Kc8 Be6+ 81. Kb8 Bd7 82. Ka8 Nc5 {Precision: White = 27%, Black = 66%.} 0-1

[Event "10th Mumbai Mayors Cup 2017"]
[Site "Mumbai"]
[Date "2017.07.06"]
[Round "5"]
[White "Tarun Kanyamarala"]
[Black "Nguyen, Duc Hoa"]
[Result "0-1"]
[WhiteElo "1895"]
[BlackElo "2477"]
[Annotator "TA"]
[PlyCount "100"]
[EventDate "2017.06.04"]
[EventType "swiss"]
[EventCountry "IND"]
[SourceTitle "playchess.com"]
[Source "ChessBase"]
[SourceQuality "1"]

{[%evp 25,100,4,12,0,4,2,17,-7,-5,-7,-8,-8,-12,-45,-39,-44,-15,-23,-18,-45,0,-5,0,0,-6,-13,-3,-4,0,0,0,-8,0,0,0,-1,0,-8,-8,-13,-11,-14,0,-19,0,-42,0,0,0,0,0,0,0,-22,0,0,0,0,0,0,0,0,0,0,0,-209,-193,-807,-768,-608,-566,-12841,-12842,-12842,-12843,-12845,-12845]} 1. d4 Nf6 2. Nf3 g6 3. c4 Bg7 4. Nc3 d5 5. cxd5 Nxd5 6. e4 Nxc3 7. bxc3 c5 8. Rb1 O-O 9. Be2 b6 10. O-O Bb7 11. Qc2 cxd4 {D85: Exchange Grünfeld: Unusual White 7th moves and lines with 7 Nf3} 12. cxd4 Qc8 13. Qd3 Ba6 {LiveBook: 4 Games. The position is equal.} 14. Qd2 Rd8 15. Bb2 e6 16. Rfd1 Bxe2 17. Qxe2 Qa6 18. Qxa6 Nxa6 19. d5 $146 ({Predecessor:} 19. Rbc1) 19... Bxb2 20. Rxb2 Nc5 21. Re2 Rd6 22. Ne5 Rad8 {[%cal Re6d5]} 23. Nc4 R6d7 {[%cal Re6d5]} 24. Ne5 $1 {[%cal Re5d7]} Rc7 25. Ree1 exd5 26. exd5 Rd6 27. Nc4 Rd8 28. Ne5 Kf8 29. d6 Rcc8 30. f3 Nd7 31. Nxd7+ Rxd7 $11 {[%mdl 4096] Endgame KRR-KRR} 32. Rd2 Rc6 33. Red1 Ke8 34. Kf2 Kd8 35. Kg3 b5 36. Kf4 f6 37. g4 Rf7 38. Rd5 a6 39. R1d4 Rb7 40. g5 Rf7 41. a4 fxg5+ 42. Kxg5 Rc4 43. axb5 Rxd4 44. Rxd4 axb5 {KR-KR} 45. Kg4 $2 {[#]} (45. Kh6 $11) 45... Rb7 $1 $19 46. Kf4 $2 (46. f4) 46... b4 {[%cal Bb5b4,Bb4b3][%mdl 32] Black is clearly winning.} 47. Ke5 Kd7 48. Rf4 {White wants to play Rf7+.} Rb5+ 49. Kd4 b3 50. Rf7+ Kxd6 {Precision: White = 44%, Black = 54%.} 0-1

[Event "10th Mumbai Mayors Cup 2017"]
[Site "Mumbai"]
[Date "2017.06.07"]
[Round "6"]
[White "Ghosh, Diptayan"]
[Black "Khusenkhojaev, Muhammad"]
[Result "1/2-1/2"]
[WhiteElo "2569"]
[BlackElo "2424"]
[Annotator "TA"]
[PlyCount "45"]
[EventDate "2017.06.04"]
[EventType "swiss"]
[EventCountry "IND"]
[SourceTitle "playchess.com"]
[Source "ChessBase"]
[SourceQuality "1"]

{[%evp 20,45,28,18,37,41,43,35,25,27,70,61,68,68,76,36,37,31,37,30,37,0,0,0,9,16,14,0]} 1. Nf3 Nf6 2. g3 d5 3. Bg2 g6 4. O-O Bg7 5. d4 O-O 6. c4 c6 7. b3 Bf5 8. Bb2 Nbd7 9. cxd5 {D78: Fianchetto Grünfeld: 6 0-0 c6} (9. e3 dxc4 10. bxc4 e5 11. Nc3 Re8 12. h3 exd4 13. Nxd4 Ne5 14. Nxf5 Qxd1 15. Nxd1 gxf5 16. Bxe5 Rxe5 {1-0 (34) Vachier Lagrave,M (2789)-Kramnik,V (2812) Paris 2016}) 9... cxd5 10. Nc3 Rc8 11. Rc1 {LiveBook: 3 Games. White has an edge.} Nb6 12. e3 Ne4 13. Ne5 {[#]} Nxc3 $146 ({Predecessor:} 13... Nd7 14. Nxe4 Rxc1 15. Qxc1 Nxe5 16. dxe5 dxe4 {1-0 (52) Matlakov,M (2682)-Hovhannisyan,R (2636) Moscow 2016}) 14. Bxc3 Be4 15. f3 Bf5 {[%cal Be4f5,Bf5d7,Bd7b5][%mdl 32]} 16. g4 Bd7 17. Qd2 Bb5 18. Rfd1 Nd7 19. a4 Ba6 20. Ba5 b6 {[#] aiming for ...Rxc1.The position is equal.} 21. Bc3 Nxe5 22. dxe5 e6 23. f4 {Precision: White = 42%, Black = 68%.} 1/2-1/2

[Event "10th Mumbai Mayors Cup 2017"]
[Site "Mumbai"]
[Date "2017.06.07"]
[Round "6"]
[White "Rahman, Ziaur"]
[Black "Rathnakaran, K."]
[Result "1-0"]
[WhiteElo "2526"]
[BlackElo "2378"]
[Annotator "TA"]
[PlyCount "89"]
[EventDate "2017.06.04"]
[EventType "swiss"]
[EventCountry "IND"]
[SourceTitle "playchess.com"]
[Source "ChessBase"]
[SourceQuality "1"]

{[%evp 10,89,31,20,30,42,47,33,62,0,0,0,0,8,0,-29,-22,-51,-51,-22,160,0,0,-10,-17,-16,-10,0,0,-8,0,0,45,39,70,-7,0,0,0,0,13,-35,-34,-34,0,-25,-5,-13,0,-15,21,-33,0,0,0,0,0,0,183,147,147,148,179,132,1444,1368,959,828,29977,29978,3386,117,505,271,2383,2118,12841,12842,12842,12843,29992,29993]} 1. d4 Nf6 2. Bg5 c5 3. Nc3 cxd4 4. Qxd4 Nc6 5. Qh4 e6 6. O-O-O {LiveBook: 18 Games. A45: Trompowsky Attack} Qa5 (6... Be7 7. e4 a6 8. Nf3 Qc7 9. Bd3 d6 10. Rhe1 Bd7 11. e5 dxe5 12. Ne4 Nd5 13. Bxe7 Ncxe7 14. Ng3 f6 15. Nh5 {0-1 (41) Rapport,R (2702)-Adhiban,B (2653) Wijk aan Zee 2017}) 7. e4 a6 8. f4 $146 {White is slightly better.} ({Predecessor:} 8. Nf3 b5 9. Nd2 Be7 10. Nb3 Qb6 11. Nd5 exd5 12. exd5 O-O 13. dxc6 dxc6 {1-0 (41) Nataf,I (2340)-Conquest,S (2520) France 1995}) 8... b5 9. Bxf6 ({Better is} 9. Nf3 $1 $14) 9... gxf6 $11 10. Kb1 Bb7 11. Nf3 Be7 12. f5 Rc8 13. Bd3 Nb4 $1 14. a3 Nc6 $2 (14... Rxc3 $1 $11 15. bxc3 Nc6) 15. Na2 $2 ({White has to play} 15. fxe6 $1 $16 dxe6 16. Nd5 $1 {[%mdl 512]} exd5 17. exd5) 15... b4 16. axb4 Nxb4 17. Nxb4 Qxb4 18. Rhe1 a5 19. fxe6 dxe6 20. Nd4 {Threatens to win with Bb5+.} Bc6 21. c3 Qb6 22. Nxc6 (22. Qh6 $1 $14) 22... Rxc6 23. e5 f5 $1 24. Qa4 {Strongly threatening Bb5.} O-O {Hoping for ...Rb8.} 25. Bb5 Rb8 26. c4 Qf2 27. Qb3 (27. Rf1 $5 {[%cal Rf1f2]} Qe2 28. Rfe1 $11) 27... Rc5 28. Qf3 Qh4 29. g3 Qh6 30. h4 (30. Rd7 $11 Bf8 31. g4) 30... Bf8 31. Rd7 Bg7 32. Qf4 $36 {[%mdl 2048] White has the initiative.} Qg6 33. Ka2 Bh6 $2 {[#]} (33... Bf8 $11 {and Black is okay.}) 34. Qd4 $1 $18 {[%cal Rd4c5]} Bf8 {[#]} 35. g4 $1 {Black must now prevent h5.} fxg4 36. Rf1 h5 $2 {[%mdl 8192]} (36... g3 $16 37. Rf6 (37. Rfxf7 Qxf7 38. Rxf7 Kxf7 $14) 37... Qg7) 37. Rf6 Qc2 38. Rdxf7 {Threatening mate with Qe3.} Rcxb5 39. cxb5 a4 40. Qc3 $2 (40. Qd7 $18 {and the rest is easy.} Qc4+ 41. Kb1) 40... Qd1 $2 {[%mdl 8192]} (40... Qxc3 $16 41. bxc3 Bg7) 41. Rf1 Qd5+ $2 (41... Qb3+ 42. Qxb3 axb3+ 43. Kxb3 Rxb5+ 44. Ka4 Rb4+ 45. Ka5 Rb8) 42. Ka1 {White threatens Qc2 and mate.} Qxb5 43. Qc2 {[%csl Gf7][%cal Rc2h7]} Bg7 {[#]} 44. R1f6 $1 {[%mdl 512]} Qxe5 {[#]} (44... Bxf6 45. Qh7#) 45. Rxg7+ $1 {[%mdl 512] Precision: White = 45%, Black = 31%.} 1-0